000 00866nam a22001931c 4500
001 a987691235
008 190207s2018 gw |||| 000u rus d
020 _a9785824322255
_9978-5-8243-2225-5
041 _arus
245 0 0 _aGraždanskie konflikty i graždanskie vojny v istorii :
_bistoričeskie dokumenty i aktual'nye problemy archeografii, istočnikovedenija, rossijskoj i vseobščej istorii Novogo i novejšego vremeni ; sbornik materialov Vos'moj meždunarodnoj konferencii molodych učenych i specialistov "Clio-2018" /
_cOtvetstvennyj redaktor A.K. Sorokin
264 _aMoskva :
_bROSSPEN,
_c2018
300 _a503 Seiten
650 0 _aBürgerkrieg
700 1 _aSorokin, Andrej Konstantinovič
_eHerausgeberIn
710 2 _aRossijskij gosudarstvennyj archiv social'no-politiceskoj istorii
942 _cMG
040 _cRU-10907106
003 RU-10907106
999 _c52874
_d52874